| 000 | 00601nam a22002177a 4500 | ||
|---|---|---|---|
| 003 | WEbcat | ||
| 005 | 20140310182314.0 | ||
| 008 | 130312t xxu||||| |||| 00| 0 eng d | ||
| 020 | _a0746009461 | ||
| 050 |
_aAG 243 _b.G196 1992 |
||
| 082 |
_aGS 030 _bG15 1992 |
||
| 100 |
_aGaneri, Anita. _914323 |
||
| 245 |
_aThe Usborne book of amazing feats / _cAnita Ganeri. |
||
| 250 | _aScholastic ed. | ||
| 260 |
_aEngland : _bUsborne Publishing Ltd., _cc1992 |
||
| 300 |
_a48 p. : _bcol. : ill. ; _c21 cm. |
||
| 650 |
_acuriosities . _920986 |
||
| 942 |
_2lcc _cBK-GS |
||
| 999 |
_c11721 _d11721 |
||